000 00985nas a2200313 4500
001 BR0501158
003 BR-BrBNA
005 20231205105243.0
007 ta
008 230509b bl.|||p| |||| 00| 00por d
040 _aBR-BrBNA
_bpor
_cBiblioteca Nacional de Agricultura
041 _a(En)
072 _aL53; L70
100 1 _aOliveira, P.G. de
100 1 _aPires, A.V.
100 1 _aMeyer, P.M.
100 1 _aSusin, I.
100 1 _aVillarreta, E.T.
100 1 _aRodrigues, P.H.M.
100 1 _aSantos, F.A.P.
245 1 _aGluconeogenic supplements do not affect production, reproductive traits and blood metabolite of holstein cows during the transition period
650 _aGADO HOLANDÊS
650 _aEFICIÊNCIA REPRODUTIVA
650 _aMEDICAMENTO
650 _aPÓS-PARTO
773 0 _tScientia Agrícola (Brazil)
_xISSN 0103-9016
_g(Jul-Aug 2004), v. 61(4) p. 376-385
_wBR0501158
909 _a202311
_bLúcia
_c55
_dLúcia Elande
942 _2AGRIS
_n0
_cANA
999 _c182013
_d182013